Liberalizace cen a vývoj cenových struktur.
Cenová problematika má dve základné dimenzie - cenovú úroveň a cenové relácie, cenovú štruktúru. V prvej časti článku sa skúma cenová úroveň, ktorá má úzky vzťah k problematike výmenného kurzu a naznačujú sa niektoré súvislosti s cenovou štruktúrou. Druhá časť sa zameriava predovšetkým na problemati...
Salvato in:
| Autore principale: | |
|---|---|
| Altri autori: | |
| Natura: | Capitolo di libro |
| Lingua: | ceco |
| Soggetti: | |
| Tags: |
Nessun Tag, puoi essere il primo ad aggiungerne!!
|
MARC
| LEADER | 00000naa a2200000 4500 | ||
|---|---|---|---|
| 001 | r004072 | ||
| 005 | 20221125080930.0 | ||
| 041 | 0 | |a cze | |
| 044 | |a [CS] | ||
| 245 | 1 | 0 | |a Liberalizace cen a vývoj cenových struktur. |c M. Hejnák, Jiří Křovák |
| 520 | |a Cenová problematika má dve základné dimenzie - cenovú úroveň a cenové relácie, cenovú štruktúru. V prvej časti článku sa skúma cenová úroveň, ktorá má úzky vzťah k problematike výmenného kurzu a naznačujú sa niektoré súvislosti s cenovou štruktúrou. Druhá časť sa zameriava predovšetkým na problematiku cenových relácií. Pozornosť sa venuje aj vývoju cenových relácií vo vyspelých trhových ekonomikách a konfrontácii s ich vývojom v ČSFR. | ||
| 610 | 2 | 0 | |a relácie cenové |
| 610 | 2 | 0 | |a štruktúra cien |
| 610 | 2 | 0 | |a kurz výmenný |
| 610 | 2 | 0 | |a krajiny kapitalistické |
| 610 | 2 | 0 | |a ČSFR |
| 610 | 2 | 0 | |a hladina cenová |
| 610 | 2 | 0 | |a liberalizácia |
| 100 | 1 | |a Hejnák, M. | |
| 700 | 1 | |a Křovák, Jiří | |